000 00839nam a2200229 a 4500
001 000027201
005 20200930030652.0
008 110330s2000 dr a 000 0 spa d
020 _z01455
040 _aDO-SdBNP
_bspa
_cBNPHU
082 _a610.92
_bM938m
100 1 _aMoya Inoa, Samuel E. de
_954263
245 1 0 _aMis errores quirúrgicos y algo de mi vida /
_cSamuel E. de Moya Inoa ; prólogo Jeannette de Moya.
260 _aMao Valverde, República Dominicana :
_bImpresora Mao,
_c2000.
300 _a73 p. :
_bil. ;
_c21 cm.
590 _aInventariado,2018/DG
650 4 _aMédicos dominicanos
_918220
650 4 _aCirujanos
_xRepública dominicana
_954264
650 4 _aMedicina
_xRepública dominicana
_xRelatos personales
_954265
700 1 2 _aMoya, Jeannette de,
_epról.
_954266
910 _aValidado. Control de calidad EMS.
999 _c26693
_d26693